Normal view
MARC view
- الفتاوى - الفقة الاسلامي
Entry Topical Term
001 - CONTROL NUMBER
- control field: 57818
003 - CONTROL NUMBER IDENTIFIER
- control field: JO-AjAnu
005 - DATE AND TIME OF LATEST TRANSACTION
- control field: 20230606083451.0
008 - FIXED-LENGTH DATA ELEMENTS
- fixed length control field: 230606|| aca||aabn | a|a d
040 ## - CATALOGING SOURCE
- Original cataloging agency: JO-AjAnu
- Transcribing agency: JO-AjAnu
150 ## - HEADING--TOPICAL TERM
- Topical term or geographic name entry element: الفتاوى - الفقة الاسلامي
670 ## - SOURCE DATA FOUND
- Source citation: Work cat.: (JO-AjAnu)29499: اعداد الدهام، عيد نهار عيد؛ اشراف: مصطفى البغا, author 57817, الفتاوى الصغرى لحسام الدين عمر بن عبد العزيز بن مازه البخاري بترتيب يوسف بن احمد اب بكر الخوارزمي من كتاب الوكالة الى اول كتاب الجنايات دراسة وتحقيق=For Hussam Al-Dain Omar Bin Abd Alaziz Ibn Mazaha Al Bokhari Managed By : Yousef Bin Ahmed Abu Baker- Al Khwarzmi Yousef Bin Ahmed Abu Baker Al -Khwarzmi Form Al- Wakallha to the Section of Crime (astudy and investigation)